| 000 | 00677nam a2200157 a 4500 | ||
|---|---|---|---|
| 008 | 131003s2007 ||||||||||||||||| || u | ||
| 020 | _a9781847104489 | ||
| 050 | _aHF 5681 .B2 Cha | ||
| 110 | _aChartered Institute of Management Accountants (CIMA) | ||
| 245 | 1 | 0 |
_aCIMA paper P8: financial analysis: exam kit - 2008 _cby Chartered Institute of Management Accountants |
| 260 |
_aBerkshire: _bKaplan Publishing Ltd _c2007 |
||
| 300 | _axviii, 336p.: ill. | ||
| 650 | 0 | _aACCOUNTING--HANDBOOKS, MANUALS, ETC | |
| 650 | 0 | _aFINANCIAL STATEMENTS | |
| 995 |
_FCBU-MAIN LIBRARY (Kitwe) _M1 _UAVAILABLE _WOct 8, 2013 _ZShort Loan Collection |
||
| 999 |
_c37391 _d37391 |
||